[Event "4NCL 2009-10"]
[Site "Sunningdale ENG"]
[Date "2010.03.28"]
[Round "8"]
[White "Stimpson,P"]
[Black "Cooper,J"]
[Result "0-1"]
[WhiteElo "2085"]
[BlackElo "2346"]
[EventDate "2009.10.24"]

1. e4 e5 2. Nf3 Nc6 3. d4 exd4 4. Nxd4 Bc5 5. Be3 Qf6 6. Nb5 Bxe3 7. fxe3
Qh4+ 8. g3 Qd8 9. Qg4 g5 10. N1c3 Ne5 11. Qe2 Ne7 12. O-O-O d6 13. Qg2 Be6
14. Nd4 Qd7 15. Nd5 O-O-O 16. Nxe6 fxe6 17. Nxe7+ Qxe7 18. Qd2 Kb8 19. Be2
Rhf8 20. Rhf1 Rxf1 21. Rxf1 Rf8 22. Qd1 a6 23. b3 Qg7 24. Qd4 Rxf1+ 25.
Bxf1 Qf6 26. Bc4 g4 27. a4 Qh6 28. Kb2 Qxh2 29. Bxe6 Qxg3 30. Bf5 h5 31.
Qd5 Qxe3 32. Qg8+ Ka7 33. Qh7 Qd4+ 34. Kb1 g3 35. Qxc7 g2 0-1

[Event "4NCL 2009-10"]
[Site "Sunningdale ENG"]
[Date "2010.03.28"]
[Round "8"]
[White "Zeidler,S"]
[Black "Punnett,A"]
[Result "1/2-1/2"]
[WhiteElo "2221"]
[BlackElo "2094"]
[EventDate "2009.10.24"]

1. e4 e6 2. d4 d5 3. exd5 exd5 4. Nf3 Nc6 5. Bb5 Bd6 6. c4 Nf6 7. c5 Be7 8.
Ne5 Bd7 9. Nxd7 Qxd7 10. O-O O-O 11. Nc3 a6 12. Ba4 b5 13. Bc2 Rad8 14. h3
Ne4 15. Be3 Bf6 16. Qf3 Nxd4 17. Bxd4 Bxd4 18. Nxe4 dxe4 19. Qxe4 f5 20.
Qb7 Qc8 21. Qxc8 Rxc8 22. Rad1 Bxc5 1/2-1/2

[Event "4NCL 2009-10"]
[Site "Sunningdale ENG"]
[Date "2010.03.28"]
[Round "8"]
[White "Redmond,J"]
[Black "Roset,C"]
[Result "1-0"]
[WhiteElo "2196"]
[BlackElo "2056"]
[EventDate "2009.10.24"]

1. c4 e5 2. Nc3 Nc6 3. Nf3 f5 4. g3 Nf6 5. d4 e4 6. Nh4 Bb4 7. e3 O-O 8.
Bd2 Bxc3 9. Bxc3 d5 10. Ng2 Be6 11. b3 Kh8 12. Nf4 Bf7 13. h4 Ne7 14. Be2
dxc4 15. bxc4 c5 16. d5 Nc8 17. Rb1 Nd6 18. Qd2 Qe7 19. Qb2 b6 20. Kf1 Rab8
21. a4 Rb7 22. Kg2 Rfb8 23. h5 Kg8 24. h6 Nde8 25. hxg7 a6 26. Rh6 Bg6 27.
Rbh1 Kf7 28. Nxg6 hxg6 29. g8=Q+ Kxg8 30. Rxg6+ Kf7 31. Bxf6 Nxf6 32. Rhh6
Ne8 33. Re6 1-0

[Event "4NCL 2009-10"]
[Site "Sunningdale ENG"]
[Date "2010.03.28"]
[Round "8"]
[White "Hill,D"]
[Black "James,Dav"]
[Result "0-1"]
[WhiteElo "2048"]
[BlackElo "2110"]
[EventDate "2009.10.24"]

1. Nf3 Nf6 2. c4 e6 3. g3 d5 4. b3 dxc4 5. bxc4 e5 6. Nc3 Nc6 7. Bg2 Bb4 8.
Bb2 O-O 9. O-O Re8 10. Nd5 Bd6 11. Nxf6+ Qxf6 12. d3 Qe7 13. Nd2 f5 14. e3
Bd7 15. d4 exd4 16. exd4 Qe2 17. c5 Qxd1 18. Rfxd1 Bf8 19. Bc3 Rad8 20.
Rab1 Bc8 21. Nc4 Re2 22. d5 Nb8 23. c6 b5 24. Ne5 Bd6 25. a4 Bxe5 26. Bf3
Bxc3 27. Bxe2 b4 28. d6 Nxc6 29. dxc7 Rxd1+ 30. Rxd1 Nd4 31. Bc4+ Kf8 32.
Rd3 Ke7 33. Re3+ Kd7 34. h4 Bb7 35. a5 Be4 0-1

[Event "4NCL 2009-10"]
[Site "Sunningdale ENG"]
[Date "2010.03.28"]
[Round "8"]
[White "Roberts,Dan"]
[Black "Shepley,J"]
[Result "1-0"]
[WhiteElo "2067"]
[BlackElo "2022"]
[EventDate "2009.10.24"]

1. e4 d6 2. Nc3 e5 3. f4 exf4 4. Nf3 g5 5. Bc4 Bg7 6. h4 h6 7. d4 Nc6 8.
Nd5 Bg4 9. c3 Nge7 10. hxg5 hxg5 11. Rxh8+ Bxh8 12. Nxf4 gxf4 13. Bxf7+ Kf8
14. Bxf4 Qd7 15. Bb3 Ng6 16. Qd2 Re8 17. O-O-O Bxf3 18. Bh6+ Bg7 19. Rf1
Rxe4 20. Rxf3+ Ke8 21. Bc2 Bxh6 22. Qxh6 Qe6 23. Bxe4 Qxe4 24. Re3 Qxe3+
25. Qxe3+ Nce7 26. Qe4 c6 27. Qg4 Kd8 28. Qe6 d5 29. Qd6+ Kc8 30. b3 b5 31.
a4 bxa4 32. bxa4 Kb7 33. a5 Ka6 34. Qc7 Kb5 35. Qxa7 Kc4 36. Kc2 1-0

[Event "4NCL 2009-10"]
[Site "Sunningdale ENG"]
[Date "2010.03.28"]
[Round "8"]
[White "Slavin,A"]
[Black "Rawlinson,A"]
[Result "1-0"]
[WhiteElo "2331"]
[BlackElo "2207"]
[EventDate "2009.10.24"]

1. d4 d5 2. Nf3 Nf6 3. c4 c6 4. e3 Bg4 5. Nc3 e6 6. Qb3 Qb6 7. Nh4 Qxb3 8.
axb3 Bh5 9. h3 g5 10. Nf3 h6 11. Ne5 Nfd7 12. Nf3 Bg6 13. c5 Bg7 14. Be2
O-O 15. O-O Re8 16. b4 Nf8 17. b5 Nbd7 18. bxc6 bxc6 19. Ra6 Rec8 20. b4 e5
21. Ba3 Ne6 22. Rd1 Bf6 23. b5 exd4 24. exd4 Ndxc5 25. Rxc6 Rxc6 26. bxc6
Nb3 27. Nxd5 Bxd4 28. Nxd4 Nbxd4 29. Ba6 Rd8 30. Rxd4 1-0

[Event "4NCL 2009-10"]
[Site "Sunningdale ENG"]
[Date "2010.03.28"]
[Round "8"]
[White "Shaw,D"]
[Black "Cumbers,P"]
[Result "0-1"]
[WhiteElo "2241"]
[BlackElo "2218"]
[EventDate "2009.10.24"]

1. e4 e6 2. d4 d5 3. Nc3 Nf6 4. Bg5 Bb4 5. e5 h6 6. Bd2 Bxc3 7. bxc3 Ne4 8.
Qg4 Kf8 9. Bd3 Nxd2 10. Kxd2 c5 11. f4 Qa5 12. Nf3 Nc6 13. dxc5 d4 14. Rab1
Qxc3+ 15. Kd1 b6 16. cxb6 axb6 17. Nd2 Rxa2 18. Ne4 Qa5 19. Nd6 Ba6 20. Qh5
Nd8 21. Qh4 g5 22. Qh3 Ra3 23. Re1 Bxd3 24. cxd3 Ra2 25. Re2 Qa4+ 26. Ke1
Rxe2+ 27. Kxe2 Qc2+ 0-1

[Event "4NCL 2009-10"]
[Site "Sunningdale ENG"]
[Date "2010.03.28"]
[Round "8"]
[White "Birtwistle,N"]
[Black "White,Mi"]
[Result "1-0"]
[WhiteElo "2179"]
[BlackElo "2227"]
[EventDate "2009.10.24"]

1. d4 Nf6 2. c4 g6 3. Nc3 Bg7 4. e4 d6 5. Nge2 Nbd7 6. Ng3 e5 7. d5 h5 8.
h4 a5 9. Be2 Nc5 10. Bg5 Bh6 11. Bxh6 Rxh6 12. Qd2 Rh8 13. O-O-O Kf8 14.
Rdf1 Kg7 15. f4 exf4 16. Qxf4 Qe7 17. Qg5 Qe5 18. Nf5+ Bxf5 19. Rxf5 Qe7
20. Rhf1 Ncd7 21. e5 dxe5 22. Ne4 Ra6 23. c5 Re8 24. d6 cxd6 25. Rxf6 Nxf6
26. Nxf6 Rc6 27. Nxh5+ Kh7 28. Nf6+ Kg7 29. Nxe8+ Qxe8 30. Kb1 1-0

[Event "4NCL 2009-10"]
[Site "Sunningdale ENG"]
[Date "2010.03.28"]
[Round "8"]
[White "Eckersley Waites,T"]
[Black "Walton,A"]
[Result "1/2-1/2"]
[WhiteElo "2247"]
[BlackElo "2147"]
[EventDate "2009.10.24"]

1. d4 d5 2. c4 c6 3. Nf3 Nf6 4. Nc3 e6 5. Bg5 h6 6. Bh4 dxc4 7. e4 g5 8.
Bg3 b5 9. Be2 Bb7 10. h4 Rg8 11. hxg5 hxg5 12. Qc2 Nbd7 13. O-O-O Qb6 14.
b3 Bb4 15. bxc4 Bxc3 16. Qxc3 Nxe4 17. Qe3 Nxg3 18. fxg3 Qa5 19. Ne5 Qxa2
20. Nxd7 Qa1+ 21. Kc2 Qa2+ 22. Kc1 Qa1+ 1/2-1/2

[Event "4NCL 2009-10"]
[Site "Sunningdale ENG"]
[Date "2010.03.28"]
[Round "8"]
[White "Tidman,S"]
[Black "Burrows,M"]
[Result "1/2-1/2"]
[WhiteElo "2110"]
[BlackElo "2172"]
[EventDate "2009.10.24"]

1. e4 c5 2. Nf3 d6 3. Nc3 a6 4. a4 Nc6 5. d4 cxd4 6. Nxd4 Nf6 7. Bg5 e6 8.
Qd2 h6 9. Bxf6 Qxf6 10. O-O-O Nxd4 11. Qxd4 Qxd4 12. Rxd4 Be7 13. Be2 Bd7
14. Kb1 Rc8 15. Rhd1 O-O 16. f4 Bc6 17. f5 Bf6 18. Rxd6 Bxc3 19. bxc3 exf5
20. exf5 Bxa4 21. Kb2 Bc6 22. f6 g6 23. Bg4 Rce8 24. R1d2 h5 25. Bd7 Bxd7
26. Rxd7 Re6 27. Rxb7 Rxf6 28. c4 Rc8 1/2-1/2

[Event "4NCL 2009-10"]
[Site "Sunningdale ENG"]
[Date "2010.03.28"]
[Round "8"]
[White "Hunt,A"]
[Black "Williams,Si1"]
[Result "1/2-1/2"]
[WhiteElo "2422"]
[BlackElo "2545"]
[EventDate "2009.10.24"]

1. e4 e6 2. d4 d5 3. Nc3 Nf6 4. Bg5 dxe4 5. Nxe4 Be7 6. Bxf6 gxf6 7. Qd3 e5
8. O-O-O exd4 9. Qg3 Be6 10. Ne2 Nc6 11. Qg7 Rf8 12. Nxd4 Nxd4 13. c3 Qd5
14. Rxd4 Qe5 15. g3 Rd8 16. f4 Qf5 17. Bd3 Rxd4 18. cxd4 Qd5 19. Rd1 Kd8
20. Nc3 Qf3 21. Qxh7 Bg4 22. Rd2 Qe3 23. Qe4 Qxe4 24. Bxe4 c6 25. d5 Kc7
26. Rc2 f5 27. Bg2 Bc5 28. h3 Bh5 29. dxc6 bxc6 30. Nd5+ Kd6 31. b4 Bd4 32.
Rd2 c5 33. bxc5+ Kxc5 34. Rc2+ Kd6 35. Rc4 Bc5 36. Nf6 Rh8 37. Kd2 Bg6 38.
h4 Bh5 39. Ra4 a5 40. Rc4 Bg4 41. Nxg4 fxg4 42. f5 Rb8 43. Be4 Bf2 44. Bc2
Rb4 45. Rxb4 axb4 1/2-1/2

[Event "4NCL 2009-10"]
[Site "Sunningdale ENG"]
[Date "2010.03.28"]
[Round "8"]
[White "Harakis,A"]
[Black "Ansell,S"]
[Result "0-1"]
[WhiteElo "2263"]
[BlackElo "2380"]
[EventDate "2009.10.24"]

1. d4 d5 2. c4 c6 3. Nf3 Nf6 4. Nc3 dxc4 5. a4 Bf5 6. e3 e6 7. Bxc4 Bb4 8.
O-O O-O 9. Qe2 Nbd7 10. e4 Bg6 11. Bd3 Bh5 12. e5 Nd5 13. Nxd5 cxd5 14. Qe3
Be7 15. Ng5 Bxg5 16. Qxg5 Qxg5 17. Bxg5 Nb8 18. Bd2 Bg6 19. Be2 Nc6 20. Bc3
f6 21. exf6 gxf6 22. a5 a6 23. Rfe1 Kf7 24. Bg4 Rfe8 25. Re3 Re7 26. Rae1
Rae8 27. Bd1 Rc8 28. g4 Rh8 29. Kg2 h5 30. Kg3 hxg4 31. Bxg4 f5 32. Bf3 Bh5
33. Bxh5+ Rxh5 34. h4 Re8 35. Kh3 Reh8 36. Rxe6 Rxh4+ 37. Kg3 Rg4+ 38. Kf3
Rh3+ 0-1

[Event "4NCL 2009-10"]
[Site "Sunningdale ENG"]
[Date "2010.03.28"]
[Round "8"]
[White "Bates,Ri"]
[Black "Cooley,C"]
[Result "1-0"]
[WhiteElo "2383"]
[BlackElo "2265"]
[EventDate "2009.10.24"]

1. d4 Nf6 2. Nf3 g6 3. g3 Bg7 4. Bg2 O-O 5. O-O d5 6. c4 c6 7. cxd5 cxd5 8.
Ne5 Ng4 9. f4 Nc6 10. Nc3 Ngxe5 11. fxe5 Be6 12. Kh1 Qb6 13. e3 Rad8 14.
Bd2 f6 15. exf6 Rxf6 16. Rxf6 Bxf6 17. Rc1 Bf7 18. b4 a6 19. Na4 Qa7 20.
Qf3 Bg7 21. Rf1 Rf8 22. Qg4 h5 23. Qh3 Nxd4 24. exd4 Qxd4 25. Bc3 Qc4 26.
Bxg7 Kxg7 27. Qh4 d4 28. Qxe7 d3 29. Qe5+ Kh7 30. Qc5 Rd8 31. Qxc4 Bxc4 32.
Nc3 d2 33. Rd1 Re8 34. Be4 Bxa2 35. Nxa2 Rxe4 36. Rxd2 Kh6 37. Kg2 b6 38.
Kf3 Rc4 39. Ke3 b5 40. Kd3 a5 41. bxa5 Ra4 42. Nc3 Rxa5 43. Rb2 h4 44. gxh4
Kh5 45. Rb4 Ra3 46. Kd2 Ra5 47. Ne2 Kh6 48. Ng1 Ra2+ 49. Ke3 Ra4 50. Rxb5
Rxh4 51. Nf3 Rc4 52. Kf2 Re4 53. Kg3 Re6 54. Rb7 Ra6 55. Rd7 Rb6 56. Ne5
Kg5 57. Rd5 Rb3+ 58. Rd3 Rb6 59. Nf7+ Kf5 60. Rf3+ Ke6 61. Ng5+ Ke5 62. Rf4
Rb1 63. Nf3+ Ke6 64. Kg4 Rb2 65. Kg5 Rg2+ 66. Kh6 1-0

[Event "4NCL 2009-10"]
[Site "Sunningdale ENG"]
[Date "2010.03.28"]
[Round "8"]
[White "Naylor,J"]
[Black "Baker,CW"]
[Result "0-1"]
[WhiteElo "2189"]
[BlackElo "2357"]
[EventDate "2009.10.24"]

1. e4 c5 2. Nf3 g6 3. c3 Bg7 4. d4 cxd4 5. cxd4 d5 6. exd5 Nf6 7. Nc3 O-O
8. Bc4 Nbd7 9. O-O Nb6 10. Bb3 Nbxd5 11. Ne5 Be6 12. Qf3 Rc8 13. Bg5 Nxc3
14. bxc3 Bd5 15. Qd3 Bxb3 16. axb3 Nd5 17. c4 Nb4 18. Qc3 a5 19. Nf3 Nc6
20. Rad1 h6 21. Bf4 e6 22. Qe3 Kh7 23. d5 exd5 24. cxd5 Nb4 25. Qa7 Rc3 26.
Qxb7 Rxb3 27. d6 a4 28. Nd2 Nd3 29. Nxb3 Nxf4 30. Nc5 Qg5 31. Nd3 Ne2+ 32.
Kh1 a3 33. Qb3 Nc3 34. Rc1 Qd2 35. Qc2 Qxc2 36. Rxc2 Rd8 37. f4 Rxd6 38.
Ne5 Nd5 39. g3 Ne3 40. Nc4 Nxc2 41. Nxd6 a2 42. Nxf7 Na3 0-1

[Event "4NCL 2009-10"]
[Site "Sunningdale ENG"]
[Date "2010.03.28"]
[Round "8"]
[White "Duncan,C"]
[Black "Mack,A"]
[Result "1/2-1/2"]
[WhiteElo "2326"]
[BlackElo "2237"]
[EventDate "2009.10.24"]

1. Nf3 Nf6 2. c4 g6 3. Nc3 Bg7 4. e4 d6 5. d4 O-O 6. Be2 Na6 7. O-O e5 8.
Be3 Ng4 9. Bg5 Qe8 10. dxe5 h6 11. Bd2 dxe5 12. h3 Nf6 13. Be3 Qe7 14. a3
c6 15. b4 Nh5 16. Re1 Nf4 17. Bf1 Rd8 18. Qc2 Qf6 19. Rad1 Rxd1 20. Qxd1 g5
21. Nd2 Nc7 22. Nb3 Nce6 23. g3 Ng6 24. Bg2 Kh7 25. b5 Nd4 26. bxc6 bxc6
27. Na4 Be6 28. Na5 Rd8 29. Bxd4 Rxd4 30. Qc2 Bf8 31. c5 Bd7 32. Rd1 Qd8
33. Rxd4 exd4 34. Qd2 Bg7 35. Nb7 Qb8 36. Qb4 Bc8 37. Nd6 Qxb4 38. axb4 Ba6
39. Nxf7 d3 40. Bf3 Ne5 41. Nxe5 Bxe5 42. Kg2 1/2-1/2

[Event "4NCL 2009-10"]
[Site "Sunningdale ENG"]
[Date "2010.03.28"]
[Round "8"]
[White "Rice,C"]
[Black "Ledger,D"]
[Result "1-0"]
[WhiteElo "2103"]
[BlackElo "2245"]
[EventDate "2009.10.24"]

1. c4 e5 2. g3 Nf6 3. Bg2 d5 4. cxd5 Nxd5 5. Nf3 Nc6 6. O-O Nb6 7. d3 Be7
8. Nbd2 Be6 9. a3 g5 10. b4 g4 11. Ne1 Bd5 12. Bb2 a6 13. Rc1 h5 14. e4 Be6
15. Rxc6 bxc6 16. Bxe5 O-O 17. Qc2 Qd7 18. Bb2 Rad8 19. d4 Bf6 20. e5 Bg7
21. Bxc6 Qe7 22. Be4 f5 23. exf6 Bxf6 24. Nd3 Bxd4 25. Nf4 Bf7 26. Re1 Qd6
27. Bh7+ Kh8 28. Ne4 Qe5 29. Bxd4 Rxd4 30. Bg6 Kg7 31. Bxf7 Rxf7 32. Re3
Nc4 33. Re2 Nxa3 34. Qc6 Qf5 35. Ne6+ Kg8 36. Nxd4 Qe5 37. Qg6+ Kf8 38.
Ne6+ Ke7 39. N4g5 Qxe2 40. Qxf7+ Kd6 41. Qxc7+ Kd5 42. Qc5+ 1-0

[Event "4NCL 2009-10"]
[Site "Sunningdale ENG"]
[Date "2010.03.28"]
[Round "8"]
[White "Ledger,S"]
[Black "Atako,C"]
[Result "1-0"]
[WhiteElo "2106"]
[BlackElo "2088"]
[EventDate "2009.10.24"]

1. d4 f5 2. Nf3 Nf6 3. Bg5 e6 4. Nbd2 Be7 5. Bxf6 Bxf6 6. e4 d5 7. exd5
exd5 8. Bd3 O-O 9. O-O Nc6 10. c3 Qd6 11. Re1 Bd7 12. Qb3 b6 13. Re2 Rae8
14. Rae1 g6 15. Qc2 Re6 16. Rxe6 Bxe6 17. h3 Kg7 18. Bb5 f4 19. Bxc6 Qxc6
20. Ne5 Qd6 21. Ndf3 Bd7 22. Nxd7 Qxd7 23. Qe2 c6 24. Ne5 Qc7 25. Qg4 Bxe5
26. Rxe5 Rf7 27. h4 Qd7 28. Qxd7 Rxd7 29. Kf1 Kf6 30. Ke2 h6 31. Kf3 Rd8
32. Kxf4 c5 33. g4 cxd4 34. cxd4 Kf7 35. Ke3 Kf6 36. f4 Rd7 37. f5 Rd6 38.
Kf4 a6 39. b3 b5 40. fxg6 Kxg6 41. Rf5 Rd8 42. Ke5 Re8+ 43. Kxd5 Re2 44.
Re5 Rxa2 45. Ke6 Rb2 46. d5 Rxb3 47. d6 Rd3 48. d7 b4 1-0

[Event "4NCL 2009-10"]
[Site "Sunningdale ENG"]
[Date "2010.03.28"]
[Round "8"]
[White "Wilson,A"]
[Black "Yurenok,M"]
[Result "1/2-1/2"]
[WhiteElo "2083"]
[BlackElo "1981"]
[EventDate "2009.10.24"]

1. e4 c5 2. Nf3 e6 3. b3 Nc6 4. Bb2 d6 5. Bb5 Bd7 6. O-O a6 7. Be2 Nf6 8.
d3 Be7 9. Nbd2 O-O 10. a4 b5 11. axb5 axb5 12. e5 dxe5 13. Nxe5 Nxe5 14.
Bxe5 Bc6 15. Bf3 Qb6 16. Qe2 Nd7 17. Bb2 Bf6 18. Bxf6 Nxf6 19. Qe5 Bxf3 20.
gxf3 Qc6 21. Ne4 Nxe4 22. fxe4 f6 23. Qg3 e5 24. h4 Rxa1 25. Rxa1 Ra8 26.
Rxa8+ Qxa8 27. Qg4 Qc6 28. h5 h6 29. Qg6 1/2-1/2

[Event "4NCL 2009-10"]
[Site "Sunningdale ENG"]
[Date "2010.05.01"]
[Round "9"]
[White "Conquest,S"]
[Black "McShane,L"]
[Result "1/2-1/2"]
[WhiteElo "2563"]
[BlackElo "2615"]
[EventDate "2009.10.24"]

1. d4 Nf6 2. c4 g6 3. Nc3 d5 4. cxd5 Nxd5 5. e4 Nxc3 6. bxc3 Bg7 7. Be3 c5
8. Qd2 O-O 9. Nf3 Qa5 10. Rc1 e6 11. Bh6 Rd8 12. h4 cxd4 13. Bxg7 Kxg7 14.
cxd4 Nc6 15. Qxa5 Nxa5 16. h5 Nc6 17. h6+ Kg8 18. Rc4 Bd7 19. Kd2 Be8 20.
Ke3 f6 21. Be2 g5 22. Rd1 Kf8 23. g4 Bg6 24. Rc5 Ne7 25. Rc7 b6 26. Ba6 Rd6
27. Rdc1 Rad8 28. Bb5 Ra8 29. Rb7 a6 30. Bd3 Rdd8 31. Rxb6 Bf7 32. Rc7 Ng8
33. Nd2 Nxh6 34. f3 a5 35. Nb3 Rdb8 36. Rxb8+ Rxb8 37. Nxa5 Ra8 38. Rc5 Ng8
39. Bc4 Ne7 40. Nb7 Ng6 41. Nd6 Ra3+ 42. Bb3 Nf4 43. Kd2 Bg6 44. Nb5 Ra6
45. a4 h5 46. gxh5 Bxh5 47. Bd1 Ke7 48. Kc3 Kd8 49. d5 exd5 50. exd5 Bf7
51. Bb3 f5 52. d6 Bg6 53. Kd4 g4 54. Ke3 Ng2+ 55. Kf2 Nf4 56. Kg3 Nd3 57.
Rc3 Ne5 58. f4 Nd7 59. Kh4 Be8 60. Kg5 Nb6 61. Nc7 Ra7 62. Nxe8 Kxe8 63.
Kxf5 Kd7 64. Rd3 g3 65. Be6+ Kc6 66. d7 g2 67. Rd6+ Kxd6 68. d8=Q Nd7 69.
Bxd7 g1=Q 70. Be6+ Kc6 71. Qd5+ Kb6 72. Qb5+ Kc7 73. Qe5+ Kb6 74. Qb8+ Kc6
75. Qb5+ Kc7 76. Qc4+ Kd6 77. Qd5+ Ke7 78. Qe5 Qb6 79. Qg7+ Kd6 80. Qe5+
1/2-1/2

[Event "4NCL 2009-10"]
[Site "Sunningdale ENG"]
[Date "2010.05.01"]
[Round "9"]
[White "Hammer,J"]
[Black "King,D"]
[Result "1-0"]
[WhiteElo "2585"]
[BlackElo "2494"]
[EventDate "2009.10.24"]

1. d4 d5 2. c4 e6 3. Nc3 Be7 4. Bf4 Nf6 5. e3 O-O 6. a3 b6 7. cxd5 Nxd5 8.
Nxd5 exd5 9. Nf3 c5 10. Ne5 f6 11. Nf3 Nc6 12. Bb5 Na5 13. dxc5 bxc5 14.
Rc1 Qb6 15. Be2 Be6 16. Qc2 Nb3 17. Rd1 Rfd8 18. Bd3 h6 19. O-O Bd6 20.
Bxd6 Rxd6 21. Nh4 Rb8 22. Qe2 c4 23. Bf5 Bf7 24. Bb1 Nc5 25. Nf5 Rd7 26.
Qg4 Be6 27. Nxh6+ Kf8 28. Nf5 Qxb2 29. Qh5 Qe5 30. f4 Qc3 31. Qh8+ Bg8 32.
Rxd5 1-0

[Event "4NCL 2009-10"]
[Site "Sunningdale ENG"]
[Date "2010.05.01"]
[Round "9"]
[White "Berzinsh,R"]
[Black "Baburin,A"]
[Result "1/2-1/2"]
[WhiteElo "2424"]
[BlackElo "2550"]
[EventDate "2009.10.24"]

1. e4 Nc6 2. Nf3 d6 3. d4 Nf6 4. c3 g6 5. h3 Bg7 6. Bd3 O-O 7. O-O e5 8.
Re1 Nh5 9. Be3 h6 10. Na3 Qf6 11. Nb5 Qe7 12. dxe5 1/2-1/2

[Event "4NCL 2009-10"]
[Site "Sunningdale ENG"]
[Date "2010.05.01"]
[Round "9"]
[White "Pert,N"]
[Black "Povah,N"]
[Result "1-0"]
[WhiteElo "2541"]
[BlackElo "2336"]
[EventDate "2009.10.24"]

1. d4 Nf6 2. Nf3 e6 3. c4 c5 4. d5 exd5 5. cxd5 d6 6. Nc3 g6 7. Bf4 a6 8.
e4 b5 9. Qe2 Be7 10. O-O-O Nh5 11. Bh6 Bg4 12. e5 Bxf3 13. Qxf3 Bg5+ 14.
Bxg5 Qxg5+ 15. Kb1 O-O 16. exd6 Nd7 17. g3 Rae8 18. Bh3 f5 19. Rhe1 b4 20.
Na4 Qf6 21. Re6 Rxe6 22. dxe6 Qxe6 23. Bf1 a5 24. Qc6 Qe4+ 25. Qxe4 fxe4
26. Bh3 Nhf6 27. Kc2 Re8 28. Kb3 e3 29. fxe3 Rxe3+ 30. Kc4 Re2 31. Kb5 Kf7
32. Nxc5 Nxc5 33. Kxc5 Rxb2 34. d7 Nxd7+ 35. Rxd7+ Kf6 36. Rd6+ Ke7 37.
Re6+ Kf8 38. a4 bxa3 39. Re3 Rxh2 40. Be6 a2 41. Ra3 Rg2 42. Bxa2 h5 43.
Kd4 h4 44. gxh4 Rg4+ 45. Ke5 Kg7 46. Rh3 a4 47. Be6 Rb4 48. h5 Rb5+ 49. Bd5
gxh5 50. Rxh5 Rb6 51. Rh4 Ra6 52. Rg4+ Rg6 53. Rxa4 Rg5+ 54. Ke6 Rg6+ 55.
Kf5 Rf6+ 56. Ke5 Rf1 57. Rg4+ Kh6 58. Rg3 Kh5 59. Bf3+ Kh6 60. Be4 Kh5 61.
Bf5 Kh4 62. Rg4+ Kh5 63. Kf6 Ra1 64. Rb4 Ra6+ 65. Be6 Rd6 66. Rb8 1-0

[Event "4NCL 2009-10"]
[Site "Sunningdale ENG"]
[Date "2010.05.01"]
[Round "9"]
[White "Thompson,I"]
[Black "Trent,L"]
[Result "1/2-1/2"]
[WhiteElo "2266"]
[BlackElo "2445"]
[EventDate "2009.10.24"]

1. c4 Nf6 2. Nc3 g6 3. g3 Bg7 4. Bg2 O-O 5. Nf3 d6 6. O-O e5 7. d3 Nc6 8.
Rb1 a5 9. a3 h6 10. b4 axb4 11. axb4 Be6 12. b5 Ne7 13. Bb2 Nd7 14. Ra1
Rxa1 15. Bxa1 d5 16. cxd5 Nxd5 17. Nxd5 Bxd5 18. e4 Be6 19. Qc2 Bg4 20. Rc1
Bxf3 21. Bxf3 b6 22. Qxc7 Nc5 23. Qxd8 Rxd8 24. Be2 Nb3 1/2-1/2

[Event "4NCL 2009-10"]
[Site "Sunningdale ENG"]
[Date "2010.05.01"]
[Round "9"]
[White "Arakhamia-Grant,K"]
[Black "Grigoryan Lyell,M"]
[Result "1-0"]
[WhiteElo "2499"]
[BlackElo "2122"]
[EventDate "2009.10.24"]

1. e4 e5 2. Nf3 Nc6 3. Bb5 f5 4. d3 fxe4 5. dxe4 Nf6 6. Qd3 Bc5 7. Nc3 Qe7
8. Bg5 Bb4 9. O-O Bxc3 10. Bxf6 gxf6 11. Qxc3 Qb4 12. Qd3 Ne7 13. a3 Qc5
14. b4 Qb6 15. Bc4 d6 16. a4 a5 17. Rfb1 axb4 18. c3 d5 19. Bxd5 Nxd5 20.
exd5 b3 21. Nd2 b2 22. Ra2 Ra6 23. Raxb2 Qa7 24. Qc4 Kd8 25. Rb4 h5 26. Ne4
Rh6 27. d6 1-0

[Event "4NCL 2009-10"]
[Site "Sunningdale ENG"]
[Date "2010.05.01"]
[Round "9"]
[White "Wells,P"]
[Black "Jirka,J"]
[Result "0-1"]
[WhiteElo "2489"]
[BlackElo "2404"]
[EventDate "2009.10.24"]

1. d4 d5 2. c4 c6 3. Nf3 Nf6 4. Nc3 a6 5. g3 b5 6. b3 Bf5 7. Bg2 e6 8. O-O
h6 9. Ne5 Bd6 10. Bb2 O-O 11. Rc1 Ra7 12. e3 Bh7 13. f4 bxc4 14. bxc4 Rb7
15. Rf2 Qa5 16. g4 Bxe5 17. fxe5 Nfd7 18. e4 dxc4 19. Na4 Rb4 20. a3 Rxa4
21. Bc3 Qb5 22. Rb2 Rxa3 23. Rxb5 axb5 24. d5 c5 25. g5 hxg5 26. dxe6 fxe6
27. Bh3 Ra6 28. Ra1 Rb6 29. Ba5 Rc6 30. Bxe6+ Rxe6 31. Qd5 Rfe8 32. Bc7 Kh8
33. Ra8 Bg8 34. Qd1 c3 35. Qd3 b4 0-1

[Event "4NCL 2009-10"]
[Site "Sunningdale ENG"]
[Date "2010.05.01"]
[Round "9"]
[White "Taulbut,S"]
[Black "McNab,C"]
[Result "0-1"]
[WhiteElo "2388"]
[BlackElo "2466"]
[EventDate "2009.10.24"]

1. e4 c5 2. Nf3 e6 3. b4 b6 4. bxc5 bxc5 5. Nc3 Nc6 6. Bb5 Bb7 7. O-O Qc7
8. Bxc6 Bxc6 9. Re1 Ne7 10. d4 cxd4 11. Qxd4 Rc8 12. Bd2 Ng6 13. Rab1 f6
14. Nd5 Bxd5 15. exd5 e5 16. Qa4 Bc5 17. c4 O-O 18. Ba5 Bb6 19. Bxb6 axb6
20. Qb5 Qxc4 21. Qxd7 Nf4 22. Rxb6 Rfd8 23. Qf5 Qxd5 24. Rb3 Nd3 25. Rd1
Nb4 26. Re1 Nxa2 27. Rbe3 Nb4 0-1

[Event "4NCL 2009-10"]
[Site "Sunningdale ENG"]
[Date "2010.05.01"]
[Round "9"]
[White "Palliser,R"]
[Black "Richardson,Joh"]
[Result "1-0"]
[WhiteElo "2435"]
[BlackElo "2298"]
[EventDate "2009.10.24"]

1. Nf3 Nf6 2. d4 e6 3. c4 d5 4. Nc3 Bb4 5. cxd5 exd5 6. Bg5 h6 7. Bh4 c5 8.
e3 Nc6 9. Be2 g5 10. Bg3 Ne4 11. Rc1 c4 12. Nd2 Nxd2 13. Qxd2 Bf5 14. Bd1
Bd6 15. O-O Bxg3 16. hxg3 Qd7 17. b3 Bd3 18. Re1 O-O 19. Bf3 Ne7 20. Na4 g4
21. Nc5 Qf5 22. e4 dxe4 23. Bxe4 Bxe4 24. Rxe4 Ng6 25. Re2 b6 26. Ne4 cxb3
27. axb3 Kg7 28. d5 Rad8 29. Nc3 Rd6 30. Qd4+ f6 31. Ne4 Rxd5 32. Rc7+ Kh8
33. Nxf6 Qxf6 34. Qxd5 Rd8 35. Rd7 Rc8 36. Re6 Qa1+ 37. Kh2 Rg8 38. Qb7 1-0

[Event "4NCL 2009-10"]
[Site "Sunningdale ENG"]
[Date "2010.05.01"]
[Round "9"]
[White "Snape,I"]
[Black "Buckley,Si"]
[Result "1/2-1/2"]
[WhiteElo "2189"]
[BlackElo "2348"]
[EventDate "2009.10.24"]

1. e4 e6 2. d4 d5 3. Nc3 Nf6 4. e5 Nfd7 5. f4 c5 6. Nf3 Nc6 7. Be3 Be7 8.
Qd2 g5 9. dxc5 gxf4 10. Bxf4 Nxc5 11. Bd3 Nxd3+ 12. Qxd3 d4 13. Ne4 Nb4 14.
Qb5+ Bd7 15. Nf6+ Bxf6 16. Qxb4 Be7 17. Qxd4 Rg8 18. O-O-O Rxg2 19. Rhg1
Rg6 20. h4 Bc6 21. Qc3 Qb6 22. Be3 Qa6 23. Nd4 Bd5 24. h5 Rxg1 25. Rxg1 Kd7
26. a3 Rc8 27. Qd2 Qc4 28. Qe2 Qxe2 29. Nxe2 Bf3 30. Nf4 Bf8 31. Rg3
1/2-1/2

[Event "4NCL 2009-10"]
[Site "Sunningdale ENG"]
[Date "2010.05.01"]
[Round "9"]
[White "Townsend,M"]
[Black "Anderton,D"]
[Result "1/2-1/2"]
[WhiteElo "2222"]
[BlackElo "2211"]
[EventDate "2009.10.24"]

1. d4 f5 2. Nf3 Nf6 3. g3 g6 4. Bg2 Bg7 5. O-O O-O 6. c4 d6 7. Nc3 Nc6 8.
d5 Na5 9. Nd2 c5 10. Qc2 a6 11. b3 Rb8 12. Bb2 b5 13. Rab1 bxc4 14. bxc4
Bd7 15. Ba1 Qc7 16. Rxb8 Rxb8 17. Rb1 Ng4 18. Nd1 Bxa1 19. Rxa1 Rb4 20. Qc3
Ne5 21. Ne3 Ba4 22. f4 Nf7 23. g4 fxg4 24. Nxg4 Bd7 25. Nf2 Rb8 26. Bh3
Bxh3 27. Qxh3 Qc8 28. Qc3 Nb7 29. Rb1 1/2-1/2

[Event "4NCL 2009-10"]
[Site "Sunningdale ENG"]
[Date "2010.05.01"]
[Round "9"]
[White "Bellin,J"]
[Black "Gayson,P"]
[Result "1/2-1/2"]
[WhiteElo "2151"]
[BlackElo "2240"]
[EventDate "2009.10.24"]

1. d4 f5 2. Nc3 Nf6 3. Bg5 e6 4. e4 fxe4 5. Nxe4 Be7 6. Nxf6+ Bxf6 7. Bxf6
Qxf6 8. Nf3 b6 9. Qd2 Bb7 10. Be2 O-O 11. O-O-O Qf4 12. Rhf1 Nc6 13. Qxf4
Rxf4 14. g3 Rf5 15. Nh4 Rf6 16. f4 Ne7 17. Bf3 d6 1/2-1/2

[Event "4NCL 2009-10"]
[Site "Sunningdale ENG"]
[Date "2010.05.01"]
[Round "9"]
[White "Adams,D"]
[Black "Williams,Pe"]
[Result "1/2-1/2"]
[WhiteElo "2217"]
[BlackElo "1961"]
[EventDate "2009.10.24"]

1. e4 e6 2. d3 d5 3. Nd2 c5 4. Ngf3 Nc6 5. g3 Bd6 6. Bg2 Nge7 7. O-O O-O 8.
Ne1 Qc7 9. f4 f6 10. Nef3 Bd7 11. b3 b5 12. a4 a6 13. Bb2 d4 14. Qe2 e5 15.
f5 Nb4 16. Rfc1 Rfb8 17. c3 dxc3 18. Bxc3 Nbc6 19. axb5 axb5 20. g4 Rxa1
21. Bxa1 g5 22. h4 h6 23. Nf1 Qa7 24. Kh1 Nd4 25. Bxd4 cxd4 26. Ng3 Qa3 27.
Rb1 Rc8 28. hxg5 hxg5 29. Bf1 Rc1 30. Rb2 Qa1 31. Ra2 Qc3 32. Nd2 Kg7 33.
Nh5+ Kf7 34. Nxf6 Kxf6 35. Qh2 Qxd3 36. Qh6+ Kf7 37. Qh7+ Kf6 38. Qh6+ Kf7
1/2-1/2